MARC

LEADER 00000cam a2200000 7i4500
001 0000000320
005 20011123.0
020 0 0 |a 9839269011 
090 0 0 |a R354.59510082338   |b MAL 1995 
110 1 0 |a MALAYSIA   |c Jabatan Perhutanan Semenanjung Malaysia 
245 1 0 |a Manual perhutanan Semenanjung Malaysia 1953 (Pindaan 1995) 
260 0 0 |a Kuala Lumpur :   |b Jabatan Perhutanan Semenanjung Malaysia ,   |c 1995 
300 |a vii, 639 p. :   |b ill. ;   |c 26 cm. 
610 1 0 |a Jabatan Perhutanan Semenanjung Malaysia   |x Adminstration   |x Handbooks, manuals, etc. 
610 1 0 |a Jabatan Perhutanan Semenanjung Malaysia   |x Job descriptions 
650 0 0 |a Forest policy   |z Peninsular Malaysia 
650 0 0 |a Forests and forestry   |z Peninsular Malaysia   |x Handbooks, manuals, etc. 
998 |a JPSM 
999 |a 0000000528   |b Monograph   |c Reference   |e Default branch